LEADER 01133nam 2200373 n 450 001 9910137770703321 005 20120420155915.0 035 $a(CKB)3280000000012854 035 $a(ItFiC)it 02491448 035 $a(SSID)ssj0000814334 035 $a(PQKBManifestationID)12417970 035 $a(PQKBTitleCode)TC0000814334 035 $a(PQKBWorkID)10789531 035 $a(PQKB)10085375 035 $a(EXLCZ)993280000000012854 100 $a20120411d2011 uy 101 0 $aita 181 $ctxt 182 $cc 183 $acr 200 00$aTutela e fruizione del patrimonio culturale $eatti del convegno di studi, Firenze, 15-16 aprile 2011 /$fa cura di Cosimo Ceccuti 210 $a[Firenze] $cPolistampa$d2011 215 $a217 p 300 $aBibliographic Level Mode of Issuance: Monograph 311 $a88-596-0997-6 517 $aTutela e fruizione del patrimonio culturale 676 $a363 702 $aCeccuti$b Cosimo 801 0$bItFiC 801 1$bItFiC 906 $aBOOK 912 $a9910137770703321 996 $aTutela e fruizione del patrimonio culturale$92428215 997 $aUNINA